MIND YOUR MIND: (Record no. 182664)

MARC details
000 -LEADER
fixed length control field 00578nam a22001937a 4500
005 - DATE AND TIME OF LATEST TRANSACTION
control field 20211209140849.0
010 ## - LCCN (DPL NO)
LC control number ENG-130150
020 ## - INTERNATIONAL STANDARD BOOK NUMBER
International Standard Book Number 978-93-89253-14-6
Terms of availability 299.00
035 ## - SYSTEM CONTROL NUMBER
System control number EN-113682
037 ## - SOURCE OF ACQUISITION
Source of stock number/acquisition DBAD/PUB
082 ## - DEWEY DECIMAL CLASSIFICATION NUMBER
Classification number 158
100 ## - MAIN ENTRY--PERSONAL NAME
Personal name Acharya, Venugopal.
245 ## - TITLE STATEMENT
Title MIND YOUR MIND:
Statement of responsibility, etc Venugopal Acharya
250 ## - EDITION STATEMENT
Edition statement 2020
260 ## - PUBLICATION, DISTRIBUTION, ETC. (IMPRINT)
Place of publication, distribution, etc Gurugram
Name of publisher, distributor, etc Hachette Book Publishing India Pvt. Ltd
Date of publication, distribution, etc 2020
270 ## - ADDRESS
Address 4th & 5th Floors, Corporate Centre
City Gurugram
300 ## - PHYSICAL DESCRIPTION
Extent xi,250p.
Dimensions 20cm (pbk)
Other physical details Acknowledgements
942 ## - ADDED ENTRY ELEMENTS (KOHA)
Source of classification or shelving scheme Dewey Decimal Classification
Item type English Books
Classification part 158
Call number suffix VEN
Holdings
Withdrawn status Lost status Not for loan Collection code Home library Current library Date acquired Source of acquisition Cost, normal purchase price Full call number Barcode Copy number Cost, replacement price Koha item type
      Non-fiction Shahdara Branch Shahdara Branch 01/12/2021 DBAD/PUB 299.00 158 VEN EN-113682 1 299.00 English Books

© Delhi Public Library
Hit Counter
free hit counter